000 00536nam a2200205Ia 4500
005 20250923144711.0
008 008 250917s9999 xx 000 0 eng d
037 _aTextual
040 _aDSWL
_beng
_cDSWL
041 _aeng
_2eng
084 _qDSWL
100 _aSen, S.C.
_9827511
245 0 _aCity of Calcutta; A socio-economic survey
_cby S.C. Sen
260 _aCalcutta
_b Bookland Pty. Ltd.
_c1960
300 _a271p.
365 _aINR
_b30
925 _g30
942 _cTEXL
999 _c1442220
_d1442220